000 00342 a2200157 4500
001 65348
020 _a853590753X
040 _cAnchieta - Pituba
100 _aGarcia-Roza, Luiz Alfredo
240 1 0 _aBerenice procura
_l
245 1 0 _aBerenice procura
300 _a174
362 0 _a2005
650 4 _aFicção brasileira
942 _cBK
999 _c65348
_d65348